عرض عادي
عرض مارك
- Buildings
مدخل مصطلح موضوعي
001 - رقم الضبط
- حقل الضبط: 12084
003 - معرف رقم الضبط
- حقل الضبط: OSt
005 - تاريخ ووقت أخر عملية
- حقل الضبط: 20120427214850.0
008 - عناصر بيانات ثابتة الطول
- حقل تحكم ثابت الطول: 120427|||a|||||| | ||| d
040 ## - مصدر الفهرسة
- هيئة الفهرسة الأصلية: OSt
- وكالة الكتابة: OSt
150 ## - مدخل-- مصطلح تاريخي
- عنصر مدخل المصطلح الموضوعي او الاسم الجغرافي: Buildings
- تفريع عام: Natural disaster effects
- تفريع شكلي: Congresses.
670 ## - بيانات المصدر موجوده
- الاستشهاد بالمصدر: Work cat.: (OSt)0: International Conference on the Art of Resisting Extreme Natural Forces (1st : 2007 : Wessex Institute of Technology) 12082, The art of resisting extreme natural forces /, c2007.
